LIBRARY & INFORMATION CENTRE, KCAET, TAVANUR

ONLINE PUBLIC ACCESS CATALOGUE (OPAC)

Soil sampling and testing / (Record no. 5530)

MARC details
000 -LEADER
fixed length control field 00482cam a2200181ua 4500
041 ## - LANGUAGE CODE
Language code of text/sound track or separate title eng
082 ## - DEWEY DECIMAL CLASSIFICATION NUMBER
Classification number 028.72631
Item number RAM/SO
100 ## - MAIN ENTRY--AUTHOR NAME
Personal name Ramanna, T R .
245 ## - TITLE STATEMENT
Title Soil sampling and testing /
250 ## - EDITION STATEMENT
Edition statement 1 /
260 ## - PUBLICATION, DISTRIBUTION, ETC. (IMPRINT)
Place of publication Chandigarh :
Name of publisher Technical Teacher Training Institute ,
Year of publication 1986.
300 ## - PHYSICAL DESCRIPTION
Number of Pages 112 ; .
700 1# - ADDED ENTRY--PERSONAL NAME
Personal name Ajay Kumar, Duggal .
700 1# - ADDED ENTRY--PERSONAL NAME
Personal name Krishnamurthy, S .
942 ## - ADDED ENTRY ELEMENTS (KOHA)
Koha item type Books
Holdings
Withdrawn status Lost status Damaged status Home library Current library Date acquired Full call number Accession Number Koha item type
Withdrawn     KAUAET KAUAET 07/04/2012 028.72631 17981 Reference
free website counter